000 00879nam0a22002531 4500
001 rc\153998
005 20260406150016.0
010 _a5-08-002399-6
_9100000
035 _a(NLR Aleph) 005421528
090 _a7480985
_c7480985
100 _a20030307d1992 |||y0rusy50 ca
101 0 _arus
102 _aRU
105 _aa |||||||||
200 1 _aКошкин дом
_eСказка для чтения и представления
_e[В стихах
_eДля дошк. возраста]
_fС. Маршак
_gРис. Ю. Васнецова
210 _aМ.
_cДет. лит.
_d1992
215 _a42, [5] с.
_cцв. ил.
_d28
700 1 _7ca
_8rus
_aМаршак
_bС. Я.
_f1887-1964
_gСамуил Яковлевич
_9114767
_3RU\NLR\AUTH\774792
801 0 _aRU
_bNLR
_gpsbo
801 1 _aRU
_bELAR
_2rusmarc
852 _aNLR
_j91-8/889
942 _cBOOK
980 _aNB